00347cam a22001217a 4500008004000000082001800040245004700058260003300105300000900138650002200147650003200169650002400201180718b1962 xxu||||| |||| 00| 0 eng d aF51x5406 B469 aBharatiya Jansangh Election manifesto 1962 aDelhibNavchagan Pressc1962 a28p. aElections - India aPolitical Campaigns - India aBharatiya Janasangh